000 00496nam a22001817a 4500
005 20151120120841.0
010 _aENG-114245
020 _a9789383237326
_c595.00
035 _aEN-97777
037 _bDBAD/PUB
082 _aN
100 _aShyam Skha
245 _aStrong women @ 2nd heaven.com /
_cby Shyam Skha
260 _aDelhi
_bYash Publications
_c2014
270 _a1/11848, Panchsheel Garden, Naveen Shahdara
_bDelhi
_e110032
300 _a183p.
_c22cm(Hb)
942 _2ddc
_cEN
_mSHY
_hN
999 _c97698
_d97698